000 01144nam a22003617a 4500
003 CHAP
005 20220329134506.0
008 971013s1975 r 00010 d
010 _a21132
011 _a22104
035 _a26197
040 _cCHAP
082 _a633
_bB66 1975
100 0 0 _aBoone, Lester V.
_913784
245 _aProducing farm crops
250 _a2 ed.
260 _aDanville, Ill. :
_bInterstate,
_c1975
300 _a303 p.
_b: ilus.
590 _aBATCH-UPD
_b10
_c20130109
_lUCH01
_h2315
590 _aBATCH-UPD
_b10
_c20130110
_lUCH01
_h1556
590 _aBATCH-UPD
_b10
_c20130410
_lUCH01
_h0954
590 _aBATCH-UPD
_b10
_c20130914
_lUCH01
_h0756
590 _aCONVERSION
_b10
_c20130109
_lUCH01
_h1313
650 1 4 _aAgricultura.
_91172
650 1 4 _aCultivos.
_930221
650 1 4 _aProductos agrícolas.
_991896
700 0 _aRicher, A. Chester.
_997289
700 0 _aWilson, Harold Kirby.
_9122199
901 _aBK
942 _cLIBRO
949 _a633 B66 1975
_bBC
_cLIBRO
_d33724000188603
_eLIBRO
_fc.2
_h51981
_i26197
_si
_t398.00
949 _a633 B66 1975
_bBC
_cLIBRO
_d33724000188611
_eLIBRO
_h51980
_i26197
_si
_t398.00
999 _c21132
_d21132